000 00734nam a2200289Ia 4500
005 20260324120518.0
008 008 260324s9999 xx 000 0 eng d
020 _a9781032681573
037 _aEBOOK
040 _aCRL
040 _beng
040 _cCRL
041 _2eng
041 _aeng
084 _qCRL
100 _aCathy Humphreys; Ruth Parker
_91158865
245 0 _aMaking Number Talks Matter
245 0 _bDeveloping Mathematical Practices and Deepening Understanding, Grades 3-10
260 _bTaylor and Francis
260 _c2015
365 _a
365 _b135
856 _uhttp://www.taylorfrancis.com/books/9781032681573
942 _cEBOOK
999 _c1750439
_d1750439